Statistics for Top Scorers/Most Capped Players for Italy

Click here to take the quiz!

General Stats

  • This quiz has been taken 103 times
  • The average score is 11 of 20

Answer Stats

PlaceGoalsPlayer% Correct
3126Paolo Maldini
97%
1176Gianluigi Buffon
96%
2136Fabio Cannavaro
87%
527Alessandro Del Piero
86%
5116Andrea Pirlo
85%
427Roberto Baggio
73%
923Christian Vieri
72%
825Alessandro Altobelli
71%
725Filippo Inzaghi
68%
7106Giorgio Chiellini
67%
6112Dino Zoff
65%
4117Daniele De Rossi
56%
8101Leonardo Bonucci
56%
998Gianluca Zambrotta
51%
135Luigi Riva
41%
233Giuseppe Meazza
38%
330Silvio Piola
18%
1094Giacinto Fachetti
12%
1023Francesco Graziani
6%
625Adolfo Baloncieri
1%

Score Distribution

Percentile by Number Answered

Percent of People with Each Score

Your Score History

You have not taken this quiz